00323nam a22000977a 4500008004100000082001600041100001800057245006500075260007600140300000900216230619b xxu||||| |||| 00| 0 eng d a301.45bGHA cDharam P.ghai apotrait of a minoritybAsian in East Africacrevised Edition aNairobi, daresalaam, Lusaka, Addis AbababOxford university pressc1970 a227p